Länder, die Kuba am Nächsten Liegen - Sudden Death - Statistiken

Allgemein
  • Dieses Quiz wurde 33 mal gespielt
  • Das Durchschnittsergebnis liegt bei 4 aus 15
Answers on the Grid
Answers color-coded by a green-red scale on the quiz's grid according to % correct below.
Haiti
Bahamas
Jamaika
Vereinigte Staaten
Mexiko
Dominikanische Republik
Belize
Guatemala
Honduras
Nicaragua
Kolumbien
El Salvador
Venezuela
Panama
Costa Rica
Kanada
Guyana
Surinam
Ecuador
Peru
Bolivien
Brasilien
Paraguay
Uruguay
Argentinien
St. Kitts und Nevis
Antigua und Barbuda
Dominica
Portugal
Marokko
 
Antwortstatistiken
Antwort % Korrekt
Dominikanische Republik
50%
Vereinigte Staaten
50%
Bahamas
40%
Guatemala
40%
Haiti
40%
Costa Rica
30%
Jamaika
30%
Mexiko
30%
Venezuela
20%
Belize
10%
El Salvador
10%
Honduras
10%
Panama
10%
Kolumbien
0%
Nicaragua
0%
Keine übereinstimmenden Quizze gefunden
Verteilung der Resultate
Anzahl Personen mit jedem Resultat
Perzentil nach korrekt beantworteten Fragen
Ihre Resultats-Entwicklung
Sie haben dieses Quiz noch nicht gespielt